[Event "Women's Speed Chess Q4"]
[Site "chess.com INT"]
[Date "2021.06.03"]
[Round "1"]
[White "Klinova, Masha"]
[Black "Dordzhieva, Dinara"]
[Result "0-1"]
[WhiteTitle "IM"]
[BlackTitle "WGM"]
[WhiteElo "2275"]
[BlackElo "2334"]
[WhiteFideId "2802015"]
[BlackFideId "24157570"]
[EventDate "2021.06.03"]

1. e4 c5 2. Nf3 Nc6 3. Bb5 d6 4. Bxc6+ bxc6 5. O-O g6 6. Re1 e5 7. c3 Bg7 8. d4
cxd4 9. cxd4 exd4 10. Nxd4 Ne7 11. Nc3 O-O 12. b3 c5 13. Nde2 Bg4 14. Bb2 Qd7
15. h3 Be6 16. Nf4 Rad8 17. Qd2 f5 18. Nxe6 Qxe6 19. exf5 Qf7 20. fxg6 Nxg6 21.
Rad1 Nf4 22. Ne4 Qg6 23. Ng3 Bxb2 24. Qxb2 Nd3 25. Rxd3 Qxd3 26. Ne4 Qd4 27. Qc2
Rde8 28. Re3 Re5 29. Qe2 Qa1+ 30. Kh2 Qd4 31. Qg4+ Kh8 32. Qh4 d5 33. Qh6 Ree8
34. Nf6 Qxf6 35. Qxf6+ Rxf6 36. Rxe8+ Kg7 37. Re7+ Kg6 38. Rxa7 Rxf2 39. Rd7 d4
40. Rd5 Rxa2 41. Rxc5 Rb2 42. Rd5 Rxb3 43. Rxd4 h5 44. Rg4+ hxg4 0-1

[Event "Women's Speed Chess Q4"]
[Site "chess.com INT"]
[Date "2021.06.03"]
[Round "1"]
[White "Papp, Petra"]
[Black "Golubenko, Valentina"]
[Result "1-0"]
[WhiteTitle "WGM"]
[BlackTitle "WGM"]
[WhiteElo "2336"]
[BlackElo "2209"]
[WhiteFideId "739049"]
[BlackFideId "4501993"]
[EventDate "2021.06.03"]

1. e4 e6 2. d4 d5 3. Nc3 Nf6 4. e5 Nfd7 5. f4 c5 6. Nf3 Nc6 7. Be3 cxd4 8. Nxd4
Nxd4 9. Bxd4 f6 10. Bd3 f5 11. Qd2 Be7 12. O-O-O O-O 13. Kb1 a6 14. Rhg1 b5 15.
g4 b4 16. Ne2 Nc5 17. gxf5 exf5 18. Ng3 Nxd3 19. cxd3 Qe8 20. Qg2 Qg6 21. h4 Be6
22. h5 Qg4 23. Qf2 Bh4 24. Rdf1 Rac8 25. Qh2 Rc7 26. Ne4 Qxh5 27. Nf6+ Rxf6 28.
exf6 g6 29. Be5 Rd7 30. Rc1 Kf7 31. Qc2 Bxf6 32. Bxf6 Kxf6 33. Qc6 Qe2 34. Rge1
Qxd3+ 35. Ka1 Re7 36. Qd6 Qd4 37. Rc6 g5 38. Rxe6+ Rxe6 39. Qxe6+ Kg7 40. Rc7+ 1-0

[Event "Women's Speed Chess Q4"]
[Site "chess.com INT"]
[Date "2021.06.03"]
[Round "1"]
[White "Fominykh, Maria"]
[Black "Buksa, Nataliya"]
[Result "1-0"]
[WhiteTitle "WGM"]
[BlackTitle "IM"]
[WhiteElo "2206"]
[BlackElo "2414"]
[WhiteFideId "4142411"]
[BlackFideId "14123622"]
[EventDate "2021.06.03"]

1. d4 d5 2. c4 e6 3. Nc3 Be7 4. Nf3 Nf6 5. cxd5 exd5 6. Bg5 c6 7. e3 Bf5 8. Be2
O-O 9. h3 Nbd7 10. O-O Ne4 11. Bxe7 Qxe7 12. Nxe4 Bxe4 13. Nd2 Bg6 14. Rc1 f5
15. Bd3 f4 16. Bxg6 hxg6 17. Re1 Qd6 18. Nf3 Rae8 19. Qb3 b6 20. e4 Kh8 21. e5
Qe6 22. Qc2 c5 23. Ng5 Qf5 24. Qxf5 Rxf5 25. e6 Nf6 26. Nf7+ Kg8 27. dxc5 Ne4
28. cxb6 Rxe6 29. bxa7 Ra6 30. Rc8+ Kxf7 31. a8=Q Rxa8 32. Rxa8 Rf6 33. a4 Rb6
34. Re2 Kf6 35. a5 Rb5 36. a6 Ke5 37. a7 Kd4 38. Rb8 Ra5 39. a8=Q Rxa8 40. Rxa8
g5 41. Ra4+ Kd3 42. Rexe4 dxe4 43. Ra5 e3 44. fxe3 fxe3 45. Kf1 Kd2 46. Re5 1-0

[Event "Women's Speed Chess Q4"]
[Site "chess.com INT"]
[Date "2021.06.03"]
[Round "1"]
[White "Zhai, Mo"]
[Black "Pandey, Srishti"]
[Result "0-1"]
[WhiteTitle "WGM"]
[BlackTitle "WFM"]
[WhiteElo "2366"]
[BlackElo "2026"]
[WhiteFideId "8600201"]
[BlackFideId "35093290"]
[EventDate "2021.06.03"]

1. Nf3 Nf6 2. c4 e6 3. g3 d5 4. Bg2 Be7 5. O-O O-O 6. d4 c5 7. dxc5 dxc4 8. Ne5
Qc7 9. Nxc4 Bxc5 10. Bf4 Bxf2+ 11. Rxf2 Qxc4 12. Na3 Qa6 13. h3 Nc6 14. Rc1 Rd8
15. Qb3 Nd5 16. Bg5 f6 17. Bd2 Nd4 18. Qc4 Qxc4 19. Rxc4 Nc6 20. b4 Nb6 21. Rc2
Nd4 22. Rc1 e5 23. Be3 Rb8 24. Kh2 Be6 25. Bxd4 Rxd4 26. Rc7 Rd7 27. Rxd7 Nxd7
28. e3 b6 29. Rc2 a5 30. bxa5 bxa5 31. Nc4 a4 32. Nd6 a3 33. Nc4 Bxc4 34. Rxc4
Rb2 35. Kg1 Kf8 36. Rc7 Nb6 37. Rb7 Nc4 38. Rc7 Nxe3 39. Rc8+ Ke7 40. Be4 f5 41.
Bd3 e4 42. Rc7+ Kd6 0-1

[Event "Women's Speed Chess Q4"]
[Site "chess.com INT"]
[Date "2021.06.03"]
[Round "1"]
[White "Bodnaruk, Anastasia"]
[Black "Petrova, Irina"]
[Result "1-0"]
[WhiteTitle "IM"]
[BlackTitle "WIM"]
[WhiteElo "2457"]
[BlackElo "2110"]
[WhiteFideId "4181751"]
[BlackFideId "14124122"]
[EventDate "2021.06.03"]

1. e4 d6 2. d4 Nf6 3. Nc3 e5 4. Nf3 Nbd7 5. Bc4 Be7 6. O-O O-O 7. Re1 c6 8. a4
h6 9. h3 Re8 10. b3 Bf8 11. Bb2 exd4 12. Qxd4 Ne5 13. Be2 Qc7 14. Rad1 Be6 15.
Ba3 Rad8 16. Qxa7 Nxf3+ 17. Bxf3 d5 18. Bxf8 Rxf8 19. e5 Nd7 20. Qe3 Rfe8 21.
Bh5 Bf5 22. f4 Bxc2 23. Rc1 Bxb3 24. Nb5 Qa5 25. Nd6 Re7 26. Nf5 Re6 27. Qxb3
Qa7+ 28. Kh2 g6 29. Nxh6+ Kg7 30. Bg4 Kxh6 31. Bxe6 fxe6 32. Qg3 Rf8 33. Qg4 Nc5
34. Qg5+ Kg7 35. f5 Rf7 36. f6+ Kg8 37. Qxg6+ Kf8 38. Qh6+ Ke8 39. Qh8+ Rf8 40.
Qg7 Rf7 41. Qg8+ Rf8 42. Qg6+ Rf7 43. h4 Ne4 44. Rxe4 dxe4 45. Rd1 Qe3 46. Qg5
Qxg5 47. hxg5 Rh7+ 48. Kg3 c5 49. g6 1-0

[Event "Women's Speed Chess Q4"]
[Site "chess.com INT"]
[Date "2021.06.03"]
[Round "1"]
[White "Varney, Zoe"]
[Black "Nurmanova, Alua"]
[Result "0-1"]
[WhiteTitle "WCM"]
[BlackTitle "WFM"]
[WhiteElo "1917"]
[BlackElo "2008"]
[WhiteFideId "436135"]
[BlackFideId "13729390"]
[EventDate "2021.06.03"]

1. e4 c5 2. Nf3 d6 3. d4 cxd4 4. Nxd4 Nf6 5. Nc3 a6 6. Be3 e5 7. Nb3 Be6 8. f3
h5 9. Qd2 Nbd7 10. O-O-O Be7 11. Nd5 Bxd5 12. exd5 Rc8 13. Be2 Nb6 14. Qa5 Qc7
15. c3 Nfd7 16. Kb1 g6 17. g4 hxg4 18. fxg4 Bd8 19. Qb4 Nf6 20. Bf3 Nc4 21. Bc1
Qb6 22. Qa4+ Kf8 23. g5 Nh5 24. Qd7 Qc7 25. Qxc7 Bxc7 26. h4 Kg7 27. Rhf1 Ng3
28. Rf2 Rxh4 29. Bg2 Nf5 30. Rd3 Bb6 31. Rf1 a5 32. Bh3 e4 33. Rdd1 a4 34. Bxf5
gxf5 35. Nd2 Ne3 36. Rg1 Nxd1 37. Rxd1 Rh2 38. c4 Be3 39. b3 Bxd2 40. Bxd2 Kg6
41. Bc3 Rg2 42. Rf1 Rxg5 43. Bd2 Rg2 44. Bf4 Rd8 45. bxa4 Kh5 46. a5 Kg4 0-1

[Event "Women's Speed Chess Q4"]
[Site "chess.com INT"]
[Date "2021.06.03"]
[Round "1"]
[White "Morris-Suzuki, Sophie"]
[Black "Dauletova, Gulmira"]
[Result "0-1"]
[WhiteTitle "WFM"]
[BlackTitle "WGM"]
[WhiteElo "2043"]
[BlackElo "2285"]
[WhiteFideId "30922615"]
[BlackFideId "13702971"]
[EventDate "2021.06.03"]

1. e4 e5 2. Nf3 Nc6 3. Bc4 Bc5 4. O-O Nf6 5. d4 Bxd4 6. Nxd4 Nxd4 7. Bg5 d6 8.
f4 Be6 9. Na3 Bxc4 10. Nxc4 Ne6 11. Bxf6 gxf6 12. f5 Nc5 13. Ne3 Nxe4 14. c3 c6
15. Qg4 d5 16. Qg7 Ke7 17. Kh1 Qg8 18. Qh6 Qg5 19. Qh3 h5 20. Rad1 Rad8 21. Qf3
h4 22. Kg1 h3 23. g3 Qh5 24. Ng4 Rdg8 25. Ne3 Qxf3 26. Rxf3 Rd8 27. Ng4 Rhg8 28.
Ne3 Rd6 29. Nc2 c5 30. Rfd3 d4 31. cxd4 cxd4 32. Re1 Rg4 33. Rb3 Nc5 34. Rb5 b6
35. b4 Nd7 36. Kf2 a6 37. Kf3 Rg5 38. Ke4 axb5 39. Na3 Rc6 40. Nxb5 Rc4 41. a3
Rg4+ 42. Kf3 Rg8 43. g4 d3 44. Ke3 e4 45. Rg1 Rc2 46. Nd4 Rg2 47. Rf1 R2xg4 48.
Nc6+ Kd6 49. b5 Ne5 0-1

[Event "Women's Speed Chess Q4"]
[Site "chess.com INT"]
[Date "2021.06.03"]
[Round "1"]
[White "Kanyamarala, Trisha"]
[Black "Batsiashvili, Nino"]
[Result "0-1"]
[WhiteTitle "WIM"]
[BlackTitle "GM"]
[WhiteElo "2180"]
[BlackElo "2491"]
[WhiteFideId "45004722"]
[BlackFideId "13602993"]
[EventDate "2021.06.03"]

1. d4 d5 2. c4 e6 3. Nc3 c5 4. e3 Nf6 5. cxd5 exd5 6. Nf3 Nc6 7. Be2 Bf5 8. O-O
c4 9. Ne5 Bb4 10. Qa4 Bxc3 11. bxc3 O-O 12. Ba3 Re8 13. Nxc6 bxc6 14. Qxc6 Ne4
15. Rac1 Re6 16. Qa4 Rh6 17. f3 Qh4 18. fxe4 Qxh2+ 19. Kf2 Bxe4 20. Ke1 Qxg2 21.
Qd7 Qg6 22. Kd2 Rh2 23. Qd6 Qg2 24. Rce1 Bd3 25. Qe7 h6 26. Qxf7+ Kh7 27. Bf8
Bxe2 28. Qf5+ Kg8 29. Qf7+ Kh7 30. Qf5+ Kh8 31. Bxg7+ Qxg7 32. Rxe2 Rxe2+ 33.
Kxe2 Rb8 34. Qe5 Rb2+ 35. Kf3 Qxe5 36. dxe5 Kg7 37. Rd1 Kf7 38. Rxd5 Ke6 39. Ra5
Rc2 40. Rxa7 Kxe5 41. Ra3 h5 42. Ra5+ Ke6 43. Rxh5 Rxc3 44. a4 Ra3 45. Rc5 c3
46. a5 Kd6 47. Rc8 Kd5 48. Ke2 Ke4 49. Kd1 Kd3 50. Kc1 Ra1# 0-1

[Event "Women's Speed Chess Q4"]
[Site "chess.com INT"]
[Date "2021.06.03"]
[Round "1"]
[White "Nandhidhaa, P V"]
[Black "Nguyen, Hong Anh"]
[Result "1/2-1/2"]
[WhiteTitle "WGM"]
[BlackTitle "WIM"]
[WhiteElo "2365"]
[BlackElo "1993"]
[WhiteFideId "5050847"]
[BlackFideId "12406732"]
[EventDate "2021.06.03"]

1. e4 c5 2. d4 cxd4 3. c3 dxc3 4. Nxc3 Nc6 5. Nf3 g6 6. Bc4 Bg7 7. O-O d6 8. Qe2
Nf6 9. Rd1 Bg4 10. h3 Bxf3 11. Qxf3 O-O 12. Bf4 Rc8 13. Bb3 Nd7 14. Nd5 Nde5 15.
Qg3 Na5 16. Rac1 Rxc1 17. Rxc1 Nxb3 18. Qxb3 b6 19. Qa4 Nd3 20. Rc8 Nc5 21. Qxa7
Qd7 22. Nxe7+ Kh8 23. Rxf8+ Bxf8 24. Qxd7 Nxd7 25. Bxd6 Kg7 26. Nc8 Bxd6 27.
Nxd6 Kf6 28. f4 Ke6 29. e5 f6 30. Nc4 b5 31. Nd6 b4 32. Nc4 Nc5 33. a3 b3 34.
exf6 Kxf6 35. Nd2 Kf5 36. g3 g5 37. fxg5 Kxg5 38. Kf2 Kf5 39. Ke3 Na4 40. Nc4 h5
41. Kd3 Nc5+ 42. Kd4 Ne4 43. g4+ hxg4 44. hxg4+ Kf4 45. Na5 Nd2 46. Kd3 Nf3 47.
Nxb3 Kxg4 48. Nd4 Ne5+ 49. Ke4 Nc4 50. a4 Nxb2 51. a5 Na4 52. a6 Nc5+ 53. Kd5
Nxa6 1/2-1/2

[Event "Women's Speed Chess Q4"]
[Site "chess.com INT"]
[Date "2021.06.03"]
[Round "1"]
[White "Nguyen, Thi Mai Hung"]
[Black "Kairbekova, Amina"]
[Result "1-0"]
[WhiteTitle "WGM"]
[BlackTitle "WFM"]
[WhiteElo "2254"]
[BlackElo "2132"]
[WhiteFideId "12401676"]
[BlackFideId "13712799"]
[EventDate "2021.06.03"]

1. d4 d5 2. Nf3 e6 3. g3 a6 4. Bg2 Nf6 5. O-O b5 6. c3 Bd6 7. Nbd2 Bb7 8. Qc2
Nbd7 9. Re1 O-O 10. e4 Nxe4 11. Nxe4 dxe4 12. Ng5 Nf6 13. Nxe4 Nxe4 14. Bxe4
Bxe4 15. Qxe4 c5 16. Be3 Qc7 17. Rad1 Rad8 18. Kg2 c4 19. h4 Rfe8 20. h5 f5 21.
Qf3 h6 22. d5 e5 23. Qxf5 Qe7 24. Qg6 Rf8 25. Re2 Rf6 26. Qg4 Qf7 27. Red2 Rf5
28. Rh1 Bc7 29. Bxh6 Rxd5 30. Re2 Kh7 31. Be3 Bd6 32. h6 g6 33. Rhe1 Rd3 34. Kg1
Be7 35. Qe4 Bd6 36. g4 Rf6 37. Bg5 Re6 38. f4 Bc5+ 39. Kg2 Red6 40. fxe5 Re6 41.
Rf1 Qd7 42. Rf6 Rd2 43. Qxg6+ Kh8 44. Rxd2 1-0

[Event "Women's Speed Chess Q4"]
[Site "chess.com INT"]
[Date "2021.06.03"]
[Round "1"]
[White "Ambartsumova, Karina"]
[Black "Gevorgyan, Maria"]
[Result "1-0"]
[WhiteTitle "IM"]
[BlackTitle "WGM"]
[WhiteElo "2382"]
[BlackElo "2219"]
[WhiteFideId "4166299"]
[BlackFideId "13300270"]
[EventDate "2021.06.03"]

1. c4 c5 2. Nf3 Nc6 3. Nc3 Nf6 4. d4 cxd4 5. Nxd4 g6 6. Nc2 Bg7 7. e4 d6 8. Be2
O-O 9. O-O b6 10. Bg5 Bb7 11. Qd2 Rc8 12. b3 Ne5 13. f3 a6 14. Rac1 Qc7 15. Nd4
Qc5 16. Be3 Qc7 17. h3 Nc6 18. Nd5 Qd8 19. Nxc6 Rxc6 20. a4 Nd7 21. Rfd1 f5 22.
exf5 Rxf5 23. Bd3 Rf8 24. Bg5 Rf7 25. Re1 Bf8 26. Be4 Nc5 27. Bc2 Bc8 28. Re2
Ne6 29. Be3 Ng7 30. Rce1 e6 31. Bg5 Qe8 32. Nf6+ Rxf6 33. Bxf6 Nh5 34. Bg5 Qf7
35. Be3 Ng3 36. Rf2 Bg7 37. Bf4 Nf5 38. Be4 Rc5 39. Be3 Nxe3 40. Qxe3 d5 41. Bd3
dxc4 42. Bxc4 Rc6 43. Rd2 Bf8 44. Kh1 Bc5 45. Qe2 Bd7 46. Red1 Be8 47. Re1 Bd7
48. Rxd7 Qxd7 49. Bxe6+ Rxe6 50. Qxe6+ Qxe6 51. Rxe6 Kf7 52. Rc6 Ke7 53. Rc7+
Kf6 54. Ra7 Ke5 55. Rxa6 Kd4 56. b4 Kc3 57. bxc5 1-0

[Event "Women's Speed Chess Q4"]
[Site "chess.com INT"]
[Date "2021.06.03"]
[Round "1"]
[White "Zaichenko, Daria"]
[Black "Nikolova, Adriana"]
[Result "0-1"]
[WhiteTitle "WFM"]
[BlackTitle "WGM"]
[WhiteElo "2104"]
[BlackElo "2243"]
[WhiteFideId "4197453"]
[BlackFideId "2908689"]
[EventDate "2021.06.03"]

1. e4 c6 2. d4 d5 3. Nc3 dxe4 4. Nxe4 Nf6 5. Nxf6+ exf6 6. Nf3 Bd6 7. Bd3 O-O 8.
Be3 Re8 9. c3 Nd7 10. Qc2 Nf8 11. O-O-O Be6 12. Kb1 Qa5 13. c4 b5 14. b3 bxc4
15. Bxc4 Bd5 16. Nd2 Qb6 17. Bxd5 cxd5 18. Qf5 Qb7 19. Rc1 a5 20. Rc3 a4 21.
Rhc1 axb3 22. Rxb3 Qa6 23. Qc2 Rec8 24. Qb2 Rxc1+ 25. Kxc1 Ba3 26. Rxa3 Qxa3 27.
Qxa3 Rxa3 28. Kb2 Ra7 29. Nb3 Ne6 30. f4 f5 31. Nc5 Nxc5 32. dxc5 Kf8 33. Kb3
Ke7 34. Bd4 g6 35. a4 Rb7+ 36. Kc3 Kd7 37. h3 Kc6 38. g4 fxg4 39. hxg4 Rb1 40.
g5 Rf1 41. Be3 Rh1 42. a5 Ra1 43. Kb4 Rb1+ 44. Kc3 Kb5 45. Kd4 Rd1+ 46. Ke5 Rd3
47. Bd4 Kc4 48. c6 Rxd4 49. c7 Re4+ 50. Kd6 Re8 51. Kd7 Ra8 52. a6 Kb5 53. Kd6
d4 54. Kd7 Kxa6 0-1

[Event "Women's Speed Chess Q4"]
[Site "chess.com INT"]
[Date "2021.06.03"]
[Round "1"]
[White "Belenkaya, Dina"]
[Black "Enkhtuul, Altan-Ulzii"]
[Result "0-1"]
[WhiteTitle "WGM"]
[BlackTitle "WGM"]
[WhiteElo "2304"]
[BlackElo "2228"]
[WhiteFideId "24142654"]
[BlackFideId "4901444"]
[EventDate "2021.06.03"]

1. e4 Nf6 2. e5 Nd5 3. d4 d6 4. c4 Nb6 5. exd6 exd6 6. Nf3 Be7 7. Be2 Bg4 8.
Nbd2 O-O 9. O-O Nc6 10. h3 Bh5 11. b3 Bf6 12. Bb2 d5 13. c5 Nd7 14. Re1 h6 15.
Nf1 Nxc5 16. Ng3 Bg6 17. Ba3 Ne4 18. Bxf8 Qxf8 19. Rc1 Nxg3 20. fxg3 Be4 21. Ne5
Nxe5 22. dxe5 Bxe5 23. Bf3 Bxf3 24. Qxf3 Qd6 25. g4 c6 26. Qf5 Bg3 27. Re2 Rf8
28. Rf1 Bh4 29. Re8 Bf6 30. Rxf8+ Qxf8 31. Re1 Qd8 32. Re2 Kf8 33. Qf2 b6 34.
Qf5 g6 35. Qf4 Kg7 36. g3 c5 37. h4 Bd4+ 38. Kg2 Qd7 39. g5 h5 40. Re1 Bc3 41.
Rf1 Bd4 42. Qb8 c4 43. Rd1 Qg4 44. Rd2 c3 45. Rf2 Bxf2 46. Qe5+ Kh7 47. Kxf2
Qf5+ 48. Qxf5 gxf5 49. Ke3 d4+ 50. Kd3 Kg6 51. Kc2 f4 52. gxf4 Kf5 53. Kd3 Kxf4
54. g6 fxg6 55. a4 g5 56. Kxd4 c2 0-1

[Event "Women's Speed Chess Q4"]
[Site "chess.com INT"]
[Date "2021.06.03"]
[Round "1"]
[White "Tarini, Goyal"]
[Black "Gaponenko, Inna"]
[Result "1-0"]
[WhiteTitle "WFM"]
[BlackTitle "IM"]
[WhiteElo "2164"]
[BlackElo "2357"]
[WhiteFideId "5082749"]
[BlackFideId "14101181"]
[EventDate "2021.06.03"]

1. d4 g6 2. g3 Bg7 3. Bg2 d6 4. Nf3 Nf6 5. O-O O-O 6. c4 Nc6 7. Nc3 e5 8. dxe5
dxe5 9. Qxd8 Rxd8 10. Bg5 Be6 11. Rfd1 Rxd1+ 12. Rxd1 h6 13. Bxf6 Bxf6 14. Nd5
Bxd5 15. cxd5 Nd4 16. Nxd4 exd4 17. Rc1 Be5 18. e3 dxe3 19. fxe3 Re8 20. e4 Kf8
21. b3 Ke7 22. Kf2 Kd6 23. Ke3 f5 24. Rf1 fxe4 25. Bxe4 g5 26. Rf7 b5 27. Rh7
Rh8 28. Rf7 b4 29. Kd3 Re8 30. Rh7 Rh8 31. Rf7 h5 32. Kc4 h4 33. Bf5 Rd8 34.
gxh4 gxh4 35. Rh7 Bf6 36. h3 a5 37. Bg4 c6 38. dxc6 Kxc6 39. Bf3+ Kb6 40. Rb7+
Ka6 41. Rf7 Rd4+ 42. Kc5 Rf4 43. Bb7+ Ka7 44. Bd5+ Kb8 45. Rf8+ Kc7 46. Rf7+ Kd8
47. Kd6 Ke8 48. Rh7 1-0

[Event "Women's Speed Chess Q4"]
[Site "chess.com INT"]
[Date "2021.06.03"]
[Round "1"]
[White "Nguyen, Hong Ngoc"]
[Black "Tokhirjonova, Gulrukhbegim"]
[Result "0-1"]
[WhiteTitle "WCM"]
[BlackTitle "WGM"]
[WhiteElo "1957"]
[BlackElo "2350"]
[WhiteFideId "12403083"]
[BlackFideId "14203626"]
[EventDate "2021.06.03"]

1. d4 Nf6 2. Nf3 e6 3. c4 Bb4+ 4. Bd2 a5 5. g3 O-O 6. Bg2 d5 7. O-O dxc4 8. Qc2
c5 9. dxc5 Bxc5 10. Qxc4 Be7 11. Nc3 Nc6 12. Rad1 Qb6 13. Na4 Qa6 14. Qxa6 Rxa6
15. Nc3 e5 16. Be3 Be6 17. Ng5 Bf5 18. Nge4 Raa8 19. Nxf6+ Bxf6 20. Nd5 Bd8 21.
Bc5 Re8 22. e4 Bg4 23. Rd2 Bg5 24. f4 exf4 25. gxf4 Bd8 26. h3 Be6 27. f5 Bc8
28. Rfd1 h6 29. Nb6 Rb8 30. Kh1 Bc7 31. Nd5 Be5 32. a4 g6 33. fxg6 fxg6 34. Bb6
Rf8 35. Rf1 Be6 36. Rdf2 Rxf2 37. Rxf2 Rf8 38. Rxf8+ Kxf8 39. b3 Nd4 40. Bxa5
Nxb3 41. Bb4+ Kf7 42. Nb6 Nc1 43. Nd5 Nd3 44. Bc3 Nf2+ 45. Kg1 Bxc3 46. Nxc3
Nxh3+ 47. Bxh3 Bxh3 48. Kf2 Be6 49. Ke3 h5 50. Ne2 g5 51. a5 h4 52. Nd4 Kf6 53.
Nb5 Ke5 54. Nc7 h3 55. Kf2 g4 56. Kg3 Bd7 0-1

[Event "Women's Speed Chess Q4"]
[Site "chess.com INT"]
[Date "2021.06.03"]
[Round "1"]
[White "Priyanka, K"]
[Black "Vo, Thi Kim Phung"]
[Result "1-0"]
[WhiteTitle "WIM"]
[BlackTitle "WGM"]
[WhiteElo "2218"]
[BlackElo "2335"]
[WhiteFideId "5082986"]
[BlackFideId "12401838"]
[EventDate "2021.06.03"]

1. e4 e6 2. d4 d5 3. Nc3 Nf6 4. Bg5 dxe4 5. Nxe4 Be7 6. Bxf6 gxf6 7. Nf3 f5 8.
Nc3 a6 9. g3 b5 10. Bg2 Bb7 11. a4 b4 12. Ne2 c5 13. O-O O-O 14. Qd2 Nd7 15.
Rad1 Bf6 16. dxc5 Nxc5 17. Qxb4 Qc7 18. c3 Rab8 19. Qc4 Bd5 20. Rxd5 exd5 21.
Qxd5 Rxb2 22. Nf4 Ne6 23. Nh5 Qe7 24. Qxf5 Bxc3 25. Ne5 Bxe5 26. Qxe5 f6 27.
Qxb2 Qf7 28. Nf4 Nxf4 29. gxf4 Kh8 30. Kh1 Rg8 31. Rg1 Qg6 32. Qd4 Qh6 33. Qe4
a5 34. Qf5 Rg7 35. Qxa5 Qxf4 36. Qa8+ Rg8 37. Qf3 Qh6 38. a5 f5 39. a6 Qxa6 40.
Qxf5 Qh6 41. Qe5+ Qg7 42. Qxg7+ Rxg7 43. Be4 Rf7 44. f3 Rf6 45. Bd5 Rf8 46. Rg3
h6 47. Kg2 Kh7 48. Be4+ Kh8 49. Rg6 Rg8 50. Rxg8+ Kxg8 51. Kg3 Kg7 52. Kg4 Kf6
53. Kh5 Kg7 54. f4 Kf6 55. Kxh6 Kf7 56. Kg5 Kg7 57. f5 1-0

[Event "Women's Speed Chess Q4"]
[Site "chess.com INT"]
[Date "2021.06.03"]
[Round "1"]
[White "Purtseladze, Maka"]
[Black "Grigoryan, Meri"]
[Result "1/2-1/2"]
[WhiteTitle "IM"]
[BlackTitle "WFM"]
[WhiteElo "2274"]
[BlackElo "2044"]
[WhiteFideId "13602659"]
[BlackFideId "13300571"]
[EventDate "2021.06.03"]

1. b3 e5 2. Bb2 Nc6 3. e3 d5 4. Bb5 Bd6 5. Nf3 f6 6. d4 e4 7. Nfd2 Ne7 8. c4 Bb4
9. a3 Bxd2+ 10. Qxd2 a6 11. Ba4 O-O 12. Nc3 f5 13. cxd5 Nxd5 14. Bxc6 bxc6 15.
g3 Rb8 16. b4 Be6 17. Na4 f4 18. gxf4 Bg4 19. Rg1 Bf3 20. Rg3 Qh4 21. h3 Rf6 22.
Rxf3 exf3 23. O-O-O Qxh3 24. Nc3 Rg6 25. e4 Nxc3 26. Qxc3 Qg2 27. Qe3 Rh6 28.
Kc2 Rh2 29. Rd2 Qf1 30. Kb3 a5 31. Rc2 axb4 32. axb4 Qb5 33. Ba3 Rh3 34. Qc3 Kh8
35. Qc4 Qb6 36. Qc5 Qxc5 37. Rxc5 Rh2 38. Rc2 h5 39. Bb2 h4 40. Bc3 h3 41. d5
cxd5 42. exd5 Rg2 43. Rc1 h2 44. Rh1 Re8 45. Be5 Ra8 46. Bxc7 Kg8 47. d6 Kf7 48.
d7 Ke7 49. d8=Q+ Rxd8 50. Bxd8+ Kxd8 51. Kc4 Rxf2 52. Kd4 Rb2 53. Ke3 Rxb4 54.
Kxf3 Ke7 55. Rxh2 Kf6 56. Re2 g6 57. Re3 Rb1 58. Rc3 Ra1 59. Rc6+ Kf5 60. Rc5+
Kf6 61. Rc3 Ra5 62. Re3 Ra6 63. Kg4 Ra5 64. Rc3 Ra6 65. Rb3 Ra5 66. Rb6+ Kf7 67.
Rc6 Rb5 68. Ra6 Rc5 69. Ra7+ 1/2-1/2

[Event "Women's Speed Chess Q4"]
[Site "chess.com INT"]
[Date "2021.06.03"]
[Round "1"]
[White "Mohota, Nisha"]
[Black "Daulyte-Cornette, Deimante"]
[Result "0-1"]
[WhiteTitle "IM"]
[BlackTitle "IM"]
[WhiteElo "2195"]
[BlackElo "2387"]
[WhiteFideId "5004330"]
[BlackFideId "12802859"]
[EventDate "2021.06.03"]

1. b3 Nf6 2. Bb2 g6 3. Nf3 Bg7 4. g3 d6 5. d4 c5 6. Bg2 cxd4 7. Nxd4 d5 8. Nf3
Nc6 9. O-O O-O 10. c4 dxc4 11. bxc4 Be6 12. Nbd2 Rc8 13. Ng5 Bd7 14. Rc1 h6 15.
Ngf3 Be6 16. Qa4 Qb6 17. Rb1 Qc7 18. Nd4 Nxd4 19. Bxd4 b6 20. Rfc1 Nd7 21. Bxg7
Kxg7 22. Qa3 Nc5 23. Bd5 Rfd8 24. Qb2+ Kh7 25. Bxe6 Nxe6 26. Nf3 Qc5 27. Ne5 Kg8
28. Nd3 Qd4 29. Qxd4 Rxd4 30. Rb4 Kg7 31. Kf1 Nd8 32. Ke1 Nc6 33. Rb3 Na5 34.
Rbc3 Rdxc4 35. Rxc4 Rxc4 36. Rxc4 Nxc4 37. e3 Kf6 38. Nb4 Ke6 39. Ke2 a5 40. Nc2
Kd5 41. Kd3 Ne5+ 42. Kd2 Ng4 43. f3 Ne5 44. Kc3 Nxf3 45. Na3 Nxh2 46. Nc4 Kc5
47. Ne5 Nf1 48. Nxf7 Nxg3 49. Nxh6 Nf5 50. Nf7 Nxe3 51. Nd8 Nd5+ 52. Kd3 Kd6 53.
Ke4 Nb4 54. Nf7+ Ke6 55. Ng5+ Kf6 56. Nf3 Nxa2 57. Nd4 Nb4 58. Nc6 Nxc6 59. Kd5
a4 60. Kc4 a3 61. Kb3 g5 62. Kxa3 g4 63. Kb3 g3 64. Kc4 g2 65. Kd5 g1=Q 66. Kxc6
Qc5+ 67. Kb7 b5 68. Ka8 b4 69. Kb8 b3 70. Ka8 b2 71. Kb7 b1=Q+ 72. Ka6 Qa3# 0-1

[Event "Women's Speed Chess Q4"]
[Site "chess.com INT"]
[Date "2021.06.03"]
[Round "1"]
[White "Padmini, Rout"]
[Black "Ziegenfuss, Antonia"]
[Result "1-0"]
[WhiteTitle "IM"]
[BlackTitle "WFM"]
[WhiteElo "2370"]
[BlackElo "2157"]
[WhiteFideId "5029295"]
[BlackFideId "12962554"]
[EventDate "2021.06.03"]

1. e4 c5 2. Nf3 e6 3. d4 cxd4 4. Nxd4 Nc6 5. Nc3 Qc7 6. g3 a6 7. Bg2 Nf6 8. O-O
Nxd4 9. Qxd4 Bc5 10. Bf4 d6 11. Qd3 Nd7 12. Na4 Ne5 13. Bxe5 dxe5 14. Nxc5 Qxc5
15. a4 O-O 16. c3 b6 17. Rfd1 a5 18. Qd6 Ba6 19. b4 Qxc3 20. b5 Bb7 21. Qxb6
Rab8 22. Rdc1 Qd2 23. Rd1 Qc3 24. Qd6 Rbc8 25. h4 Rc4 26. Re1 Rd4 27. Qb6 Ba8
28. Rac1 Qb4 29. Qc7 Qxa4 30. Qxe5 Rfd8 31. b6 Qb4 32. Rb1 Qe7 33. Qc7 R4d7 34.
Qc3 a4 35. Rb4 Rd3 36. Qc4 a3 37. Ra1 Bb7 38. Kh2 Qd7 39. Qb5 Bc6 40. Qa5 Ra8
41. Qc5 h6 42. e5 Bxg2 43. Kxg2 Qd5+ 44. Qxd5 Rxd5 45. b7 Rb8 46. Rc1 Rdd8 47.
Rc3 a2 48. Ra3 Kf8 49. Rxa2 Ke7 50. Rc2 Kd7 51. Rd2+ Ke7 52. Rdb2 Rd7 53. h5 Rc7
54. Kh3 Kd7 55. Kh4 Kc6 56. Rg4 Rcxb7 57. Rxb7 Rxb7 58. Rxg7 Kd5 59. f4 Ke4 60.
Kg4 Rc7 61. Kh3 Kf5 62. Rh7 1-0